000 00391nam a2200169Ia 4500
005 20250923144337.0
008 008 250917s9999 xx 000 0 eng d
037 _aReports
040 _aDSWL
_beng
_cDSWL
041 _aeng
_2eng
084 _qDSWL
245 0 _aReport of the fiscal commission
260 _c1949
300 _a484 p.
942 _cREP
999 _c1437696
_d1437696